00507nam a2200145Ia 4500008004100000100002100041245016600062245003800228260002400266260000900290300001000299500000900309650002300318650002000341170224s9999 xx 000 0 und d aEvelien D’heer a@THEVIEWER: Analyzing the offline and online impact of a dedicated conversation manager in the newsroom of a public broadcaster Evelien D’heer, Pieter Verdegem cEvelien D’heer, Pieter Verdegem bNew Media & Society c2016 a18:10 a2016 xCommunication Arts xMultimedia Arts